| 000 | 00787nam a2200229 u 4500 | ||
|---|---|---|---|
| 005 | 20210223131621.0 | ||
| 008 | 111109s2006 r 000 0 eng d | ||
| 020 | _a9508922575 (10 dígitos) | ||
| 020 | _a9789508922571 (13 dígitos) | ||
| 035 | _aUPN01000182474 | ||
| 049 | _aI | ||
| 050 | 4 |
_aPZ74.1 _bF4.6 |
|
| 100 | 1 |
_aFerro, Beatriz _931845 |
|
| 245 | 1 | 0 |
_aSamba el fanfarrón : _bleyenda de la República de Malí / _cBeatriz Ferro ; il. de Elena Torres. |
| 260 |
_aBuenos Aires : _bLugar, _c2006. |
||
| 300 |
_a38 p. : _bil. |
||
| 440 | 0 | _aHistorias fantásticas de América y el mundo | |
| 501 | _aCon: La tortuga de Camerún : cuento de Camerún | ||
| 650 | 4 |
_aLEYENDAS - _vLITERATURA INFANTIL _919858 |
|
| 650 | 4 |
_aCUENTOS INFANTILES AFRICANOS _911560 |
|
| 905 | _aInfantil | ||
| 999 |
_c154577 _d154577 |
||